[Event "Regionalliga Sued-West 1718"]
[Site "Bayern"]
[Date "2017.11.12"]
[Round "2.6"]
[White "Menzinger, Peter"]
[Black "Joerg, Harald"]
[Result "0-1"]
[WhiteElo "1762"]
[BlackElo "2047"]
[PlyCount "96"]
[EventDate "2017.10.22"]
[EventType "team-tourn"]
[EventRounds "9"]
[EventCountry "GER"]
[SourceTitle "EXT 2022"]
[Source "ChessBase"]
[SourceDate "2021.10.06"]
[SourceVersion "1"]
[SourceVersionDate "2021.10.06"]
[SourceQuality "1"]
[WhiteTeam "Marktoberdorf"]
[BlackTeam "Muenchen SC II"]
[WhiteTeamCountry "GER"]
[BlackTeamCountry "GER"]

1. Nf3 Nf6 2. g3 b6 3. Bg2 Bb7 4. d4 e6 5. 0-0 c5 6. c4 cxd4 7. Nxd4 Bxg2 8. Kxg2 d6 9. Nc3 Be7 10. b3 0-0 11. Ba3 Qc8 12. e3 Nbd7 13. Qf3 Ne5 14. Qe2 Qb7+ 15. f3 Rfd8 16. e4 Rac8 17. Rac1 Ned7 18. Rfd1 a6 19. Rd2 Bf8 20. Rcd1 Nc5 21. Nc2 Qc7 22. Ne1 Nfd7 23. Nd3 Nxd3 24. Qxd3 Nc5 25. Bxc5 Qxc5 26. Na4 Qc7 27. Qe2 Be7 28. h4 Qc6 29. Nb2 b5 30. a4 bxa4 31. Nxa4 Re8 32. Rd3 Rb8 33. Qc2 Rb7 34. Rb1 Reb8 35. Qa2 h6 36. Nc3 Bf6 37. Ne2 Rb6 38. Qa3 Rb4 39. Rbd1 R8b6 40. Rc1 Qb7 41. Rb1 Rxc4 42. bxc4 Rxb1 43. Qxd6 Qb2 44. Rd2 Qa1 45. Qc5 a5 46. f4 Bc3 47. Rc2 Bb4 48. f5 Bxc5 0-1